Manual de deberes y responsabilidades para el área administrativo (Record no. 8460)

MARC details
000 -LEADER
campo de control de longitud fija 00442nam a2200133Ia 4500
001 - NÚMERO DE CONTROL
campo de control 3290
008 - DATOS DE LONGITUD FIJA--INFORMACIÓN GENERAL
campo de control de longitud fija 241024s9999 xx 000 0 und d
082 ## - NÚMERO DE LA CLASIFICACIÓN DECIMAL DEWEY
Número de clasificación RD/374/IN59m/2011
100 ## - ENTRADA PRINCIPAL--NOMBRE DE PERSONA
Nombre de persona República Dominicana. Instituto Superior de Formación Docente Salomé Ureña, ISFODOSU
245 #0 - MENCIÓN DEL TÍTULO
Título Manual de deberes y responsabilidades para el área administrativo
260 ## - PUBLICACIÓN, DISTRIBUCIÓN, ETC.
Nombre del editor, distribuidor, etc. Santo Domingo
Fecha de publicación, distribución, etc. 2011
901 ## - ELEMENTOS DE DATOS A LOCAL LDA (RLIN)
a 11/9/2013 10:26:04 a.m.

No items available.

© 2024. Todos los Derechos Reservados. Desarrollado por IDEICE